| 000 | 00479nam a2200181Ia 4500 | ||
|---|---|---|---|
| 003 | OSt | ||
| 005 | 20250117142205.0 | ||
| 008 | 210210b1958 xxu||||| |||| 00| 0 eng d | ||
| 040 | _cAL | ||
| 041 | _akan | ||
| 082 | _a859/105 | ||
| 100 |
_aKRASHNARAYA (A N) _9148316 _dಕೃಷ್ಣರಾಯ (ಅ ನ ಕೃ). |
||
| 245 |
_aBhumitayi: _bಭೂಮಿತಾಯಿ |
||
| 260 |
_aBengaluru _b- _c1958 |
||
| 690 |
_aKannada Fiction _9148317 |
||
| 906 | _a020887 | ||
| 942 |
_2ddc _cBK |
||
| 999 |
_c145044 _d145044 |
||